Vấn đề hội nhập các cán binh hồi chánh [ của Việt Nam Cộng Hòa ]

Guardat en:
Dades bibliogràfiques
Autor principal: Nguyễn Văn Phụng
Format: Llibre
Idioma:Undetermined
Etiquetes: Afegir etiqueta
Sense etiquetes, Sigues el primer a etiquetar aquest registre!
Thư viện lưu trữ: Trung tâm Học liệu Trường Đại học Cần Thơ
LEADER 00479nam a2200133Ia 4500
001 CTU_26497
008 210402s9999 xx 000 0 und d
082 |a 355 
082 |b Ph513 
100 |a Nguyễn Văn Phụng 
245 0 |a Vấn đề hội nhập các cán binh hồi chánh [ của Việt Nam Cộng Hòa ] 
245 0 |c Nguyễn Văn Phụng 
904 |i Nguyễn Quang Điền, 981013 
980 |a Trung tâm Học liệu Trường Đại học Cần Thơ